000 00566nam a2200169 4500
001 123185
003 ES-MaACL
005 20230906192127.0
007 t|
008 070214m19261928fr r ||||0| fre d
100 1 _aPsellus, Michael.
_994101
245 1 0 _aChronographie ou Histoire d'un siècle de Byzanze (976 - 1077) /
_cMichel Psellos ; texte établi e traduit par Emile Renauld.
260 _aParis :
_bSocieté d'Edition `Les Belles Lettres`,
_c1926 - 1928.
300 _a2 v ;
_c20 cm.
700 1 _aRenauld, Emile.
_996187
852 _aES-MaACL
_jD-8859-60
999 _c123185
_d123185